Statistiken für Alle Minderheiten des Vereinigten Königreiches

Klicken Sie hier um das Quiz zu spielen!

Allgemein

  • Dieses Quiz wurde 48 mal gespielt
  • Das Durchschnittsergebnis liegt bei 46 aus 60

Antwortstatistiken

BevölkerungLand% Korrekt
289,000Deutschland
100%
863,000Indien
100%
217,000China
98%
360,000Irland
98%
59,000Russland
98%
153,000Australien
95%
547,000Pakistan
95%
159,000Spanien
95%
818,000Polen
93%
48,000Syrien
93%
161,000USA
93%
101,000Brasilien
91%
185,000Frankreich
91%
66,000Griechenland
91%
67,000Irak
91%
72,000Iran
91%
233,000Italien
91%
39,000Japan
91%
95,000Kanada
91%
38,000Ukraine
91%
79,000Afghanistan
88%
39,000Ägypten
88%
68,000Niederlande
88%
427,000Rumänien
88%
42,000Schweden
88%
71,000Türkei
88%
35,000Belgien
86%
67,000Neuseeland
86%
165,000Portugal
86%
252,000Südafrika
86%
128,000Bulgarien
84%
260,000Bangladesch
81%
44,000Tschechien
81%
54,000Thailand
79%
215,000Nigeria
77%
72,000Slowakei
77%
98,000Ungarn
77%
168,000Litauen
72%
114,000Ghana
70%
38,000Kolumbien
70%
47,000Albanien
67%
89,000Lettland
67%
153,000Philippinen
67%
33,000Saudi Arabien
67%
33,000Sudan
67%
121,000Kenia
63%
61,000Malaysia
63%
99,000Somalia
60%
76,000Nepal
58%
49,000Taiwan
58%
126,000Sri Lanka
53%
29,000Kosovo
51%
128,000Simbabwe
51%
52,000Uganda
51%
29,000Sambia
47%
44,000Singapur
47%
123,000Jamaika
44%
57,000Zypern
42%
27,000Malta
40%
34,000Mauritius
21%

Verteilung der Resultate

Perzentil nach korrekt beantworteten Fragen

Anzahl Personen mit jedem Resultat

Ihre Resultats-Entwicklung

Sie haben dieses Quiz noch nicht gespielt